Culture Générale - Série 820 - Statistiques

Statistiques générales
  • Ce quiz a été pris 140 fois
  • Le résultat moyen est 7 sur 10
Statistiques - réponses
Question Réponse % Correct
Dans quel pays opère une organisation comparable à la mafia sicilienne et dont les membres sont appelés "yakusa" ? Japon
95%
De quel pays d'Europe est originaire le vin appelé Asti Spumante ? Italie
91%
Dans quel pays peut-on visiter le temple Shaolin, de la province du Henan ? Chine
85%
"Saisir l'instant présent" est une formule épicurienne que l'on traduit en latin par ... carpe diem
84%
Complétez l'expression : "Jeter le bébé avec l'eau... du bain
83%
"Je pense donc je suis" est une formule que l'on attribue au philosophe ... René Descartes
83%
"L'enfer c'est les autres" est une formule que l'on attribue au philosophe ... Jean Paul Sartre
78%
Quel peintre a représenté les célèbres falaises d'Etretat ? Claude Monet
58%
Qui était président de la République française lorsque la France déclara la guerre à l'Allemagne en septembre 1939 ? Albert Lebrun
36%
Comment s'appelle la brioche normande ? fallue
3%
Aucun quiz correspondant
Distribution des résultats
% des personnes avec chaque résultat
Percentile par nombre de réponses
Votre historique - résultats
Vous n’avez pas pris ce quiz